00606nam a2200205Ia 4500003000400000005001700004008004100021020001900062040000700081041000800088082001500096100002200111245003100133260003800164300000900202650002700211942001300238999001900251952013000270OSt20250825092431.0250729s2005 xx 000 0 und d a978-8176487238 cAL aeng a930.7 SINT aSingh U K9222096 aTeaching of social studies aNew DelhibA P H Publishingc2005 a296p aSocial Studies9222097 2ddccBED c235301d235301 00104070aALbALd2025-07-29eSita Book Houseg195.00l0o930.7 SINTpBED00620r2025-07-29 16:53:53v195.00w2025-07-29yBK